000 00554nam a22002057a 4500
003 OSt
005 20140310183120.0
008 130218t xxu||||| |||| 00| 0 eng d
020 _a9789712353222
050 _aPE1112.3
_b.D622 2009
082 _aFIL 428.2
_bD64 2009
245 _aSelf-instructional modules for college english communication arts 1
_cDizon, Jaime R.
260 _aManila
_bRex Book Store
_cc2009
300 _a216p.
_c25.5 cm.
526 _c1210L-1700L
562 _e2
942 _2lcc
_cBK
999 _c18912
_d18912